City by Picture 12 (Brazil) - Statistics

General Stats
  • This quiz has been taken 54 times
  • The average score is 4 of 6
Answer Stats
Picture Answer % Correct
Rio de Janeiro
100%
Sao Paulo
92%
Brasilia
77%
Salvador
71%
Belo Horizonte
67%
Sao Luis
19%
No matching quizzes found
Score Distribution
Percent of People with Each Score
Percentile by Number Answered
Your Score History
You have not taken this quiz